• 首页
  • 本馆介绍
  • 公告通知
  • 最新文献
  • 馆藏检索
  • 电子资源
  • 读者导购
  • 参考咨询
  • 我的图书馆
  • 登录
  • 详细信息显示
  • 放入我的书架
  • 预约/预借图书
  • 作者相关作品
  • 分类相关作品
  • 丛书相关作品
  • 出版社相关作品

书目信息

  • 表格格式
  • 工作单格式
  • 卡片格式
题名:
名人名言词典
    
 
作者: ;四川文艺出版社 编
分册:  
出版信息: 成都   四川文艺出版社  1985
页数: 540页
开本: 19cm
丛书名:
单 册:
中图分类: H033
科图分类:
主题词: 成语
电子资源:
ISBN:
000 00759nam0 2200241 45
001 0185002693
005 20050420143054.8
010    @dCNY2.98
091    @a10374.196
100    @a19901021d1985 em y0chiy0121 ea
101 0  @achi
102    @aCN@b510000
105    @ay z 000yy
200 10 @a名人名言词典@Aming ren ming yan ci dian@e说话·演讲·写作·处世必读@EShuo Hua·Yan Jiang·Xie Zuo·Chu Shi Bi Du@f本社编@FBen She Bian
210    @a成都@c四川文艺出版社@d1985
215    @a540页@d19cm
517    @a说话·演讲·写作·处世必读@AShuo Hua·Yan Jiang·Xie Zuo·Chu Shi Bi Du
606    @a成语
690    @aH033@v3
711 02 @a四川文艺出版社@4编
801  0 @aCN@b深圳图书馆@c20040424
801  2 @aCN@bNLC@c20040424
905    @dH033@e14@f1@b153683
    
    名人名言词典:说话·演讲·写作·处世必读/本社编.-成都:四川文艺出版社,1985
    540页;19cm
    
    
    ISBN :CNY2.98
    
●
相关链接 在E读中查询图书 在五车中查询图书 在当当中查询图书 在豆瓣中查询图书


正题名:名人名言词典     索取号:H033/14         预约/预借

序号 登录号 条形码 馆藏地/架位号 状态 备注
1 0153683   002025846   第四借阅区/ [索取号:H033/14] 在馆    
2 0153684   001965699   第四借阅区/ [索取号:H033/14] 在馆    
3 0153686   000820543   第二样本阅览室/ [索取号:H033/14] 在馆    
4 0153882   001648060   第四借阅区/ [索取号:H033/14] 在馆    
5 0153885   000820552   第四借阅区/ [索取号:H033/14] 在馆    
唐山师范学院图书馆 欢迎您!
大连网信软件有限公司© 版权所有